LEADER 00822nam0-2200277 --450 001 9910582400103321 005 20220720103307.0 010 $a978-88-581-4412-1 100 $a20220720d2021----kmuy0itay5050 ba 101 0 $aita$cita 102 $aIT 105 $ay 001yy 200 1 $a<>angelo sterminatore$ecome l'Italia ha intrappolato se stessa$fMarco Ruffolo 210 $aBari$aRoma$cGLF editori Laterza$d2021 215 $aV, 144 p.$d21 cm 225 1 $a<>Robinson. Letture 610 0 $aAmministrazione pubblica$aItalia 676 $a858.9208$v23$zita 700 1$aRuffolo,$bMarco$01250494 801 0$aIT$bUNINA$gREICAT$2UNIMARC 901 $aBK 912 $a9910582400103321 952 $aIX A 1836$b1372/2022$fFSPBC 959 $aFSPBC 996 $aAngelo sterminatore$92898357 997 $aUNINA